Statistiken für Substantive in "Die Gedanken sind frei"

Klicken Sie hier um das Quiz zu spielen!

Allgemein

  • Dieses Quiz wurde 61 mal gespielt
  • Das Durchschnittsergebnis liegt bei 7 aus 20

Antwortstatistiken

Substantiv% Korrekt
Gedanken
100%
Mensch
81%
Jäger
77%
Schatten
75%
Kerker
40%
Werke
38%
Schranken
33%
Mauern
29%
Still'
25%
Begehren
23%
Blei
21%
Pulver
21%
Wunsch
21%
Mädchen
19%
Wein
19%
Glas
17%
Weine
15%
Herzen
13%
Grillen
10%
Sorgen
10%

Verteilung der Resultate

Perzentil nach korrekt beantworteten Fragen

Anzahl Personen mit jedem Resultat

Ihre Resultats-Entwicklung

Sie haben dieses Quiz noch nicht gespielt